| Tag |
First Indicator |
Second Indicator |
Subfields |
| LEADER |
00000cam a22000007i 4500 |
| 001 |
in00005771900 |
| 005 |
20260327174531.1 |
| 006 |
m o d |
| 007 |
cr cnu---unuuu |
| 008 |
230523s2023 ne ob 001 0 eng d |
| 040 |
|
|
|a OPELS
|b eng
|e rda
|e pn
|c OPELS
|d UKMGB
|d UKAHL
|d OCLCF
|d YDX
|d OCLCO
|d OCLCL
|d SFB
|
| 015 |
|
|
|a GBC2K2078
|2 bnb
|
| 016 |
7 |
|
|a 020802907
|2 Uk
|
| 019 |
|
|
|a 1388635792
|
| 020 |
|
|
|a 9780323951845
|q electronic book
|
| 020 |
|
|
|a 0323951848
|q electronic book
|
| 020 |
|
|
|z 9780323951838
|
| 020 |
|
|
|z 032395183X
|
| 035 |
|
|
|a (OCoLC)1379807713
|z (OCoLC)1388635792
|
| 037 |
|
|
|a 9780323951845
|b Ingram Content Group
|
| 050 |
|
4 |
|a TA418.9.C6
|b G74 2023
|
| 082 |
0 |
4 |
|a 620.118
|2 23/eng/20230523
|
| 049 |
|
|
|a TXAM
|
| 245 |
0 |
0 |
|a Green sustainable process for chemical and environmental engineering and science :
|b Natural materials-based green composites.
|n 2,
|p Biomass /
|c edited by Dr. Inamuddin, Tariq Altalhi, Arwa Alrooqi.
|
| 246 |
3 |
0 |
|a Natural materials-based green composites
|
| 246 |
3 |
0 |
|a Biomass
|
| 264 |
|
1 |
|a Amsterdam, Netherlands ;
|a Oxford, United Kingdom ;
|a Cambridge MA :
|b Elsevier,
|c [2023]
|
| 300 |
|
|
|a 1 online resource.
|
| 336 |
|
|
|a text
|b txt
|2 rdacontent
|
| 337 |
|
|
|a computer
|b c
|2 rdamedia
|
| 338 |
|
|
|a online resource
|b cr
|2 rdacarrier
|
| 504 |
|
|
|a Includes bibliographical references and index.
|
| 588 |
|
|
|a Description based on online resource; title from digital title page (viewed on July 19, 2023).
|
| 520 |
|
|
|a Green Sustainable Process for Chemical and Environmental Engineering and Science: Natural Materials-Based Green Composites 2: Biomass deals with using biomass in the preparation of green composites and focuses on biomass from agro-industrial waste, geopolymers, natural gums, plants, green algae, etc. The book covers applications in allied areas such as energy and environment that process fuels and chemicals, wastewater treatment, coatings and catalysis. The book deals with a broad range of material types, including natural fiber reinforced polymer composites, particulate composites, fiberboard, wood fiber composites, and plywood composites that utilize natural, renewable, and biodegradable agricultural biomass.
|
| 650 |
|
0 |
|a Composite materials
|x Environmental aspects.
|
| 650 |
|
0 |
|a Green chemistry.
|
| 650 |
|
0 |
|a Biomass.
|
| 650 |
|
6 |
|a Composites
|x Aspect de l'environnement.
|
| 650 |
|
6 |
|a Chimie verte.
|
| 650 |
|
6 |
|a Biomasse.
|
| 650 |
|
7 |
|a Biomass
|2 fast
|
| 650 |
|
7 |
|a Composite materials
|x Environmental aspects
|2 fast
|
| 650 |
|
7 |
|a Green chemistry
|2 fast
|
| 655 |
|
7 |
|a Electronic books.
|2 local
|
| 700 |
0 |
|
|a Inamuddin,
|d 1980-
|e editor.
|1 https://isni.org/isni/000000038301774X
|
| 700 |
1 |
|
|a Altalhi, Tariq,
|e editor.
|
| 700 |
1 |
|
|a Alrooqi, Arwa,
|e editor.
|
| 710 |
2 |
|
|a ScienceDirect (Online service)
|
| 776 |
0 |
8 |
|i Print version:
|t Green sustainable process for chemical and environmental engineering and science. 2, Natural materials-based green composites.
|d Amsterdam : Elsevier, 2023
|z 9780323951838
|w (OCoLC)1350635533
|
| 856 |
4 |
0 |
|u http://proxy.library.tamu.edu/login?url=https://www.sciencedirect.com/science/book/9780323951838
|z Connect to the full text of this electronic book
|t 0
|
| 955 |
|
|
|a Elsevier ScienceDirect 2026-2027
|
| 955 |
|
|
|a Knovel ebooks
|
| 994 |
|
|
|a 92
|b TXA
|
| 999 |
f |
f |
|i 29adbfcb-8bde-43a6-bf16-8df764f53420
|s 4862334f-489b-4877-abed-7109dd242dbf
|t 0
|
| 952 |
f |
f |
|a Texas A&M University
|b College Station
|c Electronic Resources
|s www_evans
|d Available Online
|t 0
|e TA418.9.C6 G74 2023
|h Library of Congress classification
|
| 998 |
f |
f |
|a TA418.9.C6 G74 2023
|t 0
|l Available Online
|